LEADER 01377nam0-22004091i-450- 001 990005564040203316 005 20110707122109.557 035 $a000556404 035 $aUSA01000556404 035 $a(ALEPH)000556404USA01 035 $a000556404 100 $a20110707d2007-------|0enac50------ba 101 $aeng 102 $aUS 105 $a|||| ||||| 200 1 $aMarket-valuation methods in life and pension insurance$fThomas Moller, Mogens Steffensen 210 $aCambridge [etc.]$cCambridge University press$d2007 215 $aXIV, 279 p.$d24 cm. 225 2$a<> international series on actuarial science 410 1$12001$a<> international series on actuarial science 606 $aAssicurazioni$xModelli matematici$2FI 620 $dCambridge 676 $a368.01$cAssicurazioni. Principi generali$v21 700 1$aMOLLER,$bThomas$0614665 701 1$aSTEFFENSEN,$bMogens$0614666 712 $aCambridge University Press 801 $aIT$bSOL$c20120104 912 $a990005564040203316 950 $aDIP.TO SCIENZE ECONOMICHE - (SA)$dDS 300 368.01 MOL$eDSE99 DISES 951 $a300 368.01 MOL$b99 DISES 959 $aBK 969 $aDISES 979 $c20121027$lUSA01$h1533 979 $c20121027$lUSA01$h1614 996 $aMarket-valuation methods in life and pension insurance$91131444 997 $aUNISA NUM $aUSA20770 LEADER 01705oam 2200553M 450 001 9910715661103321 005 20191121065739.6 035 $a(CKB)5470000002513453 035 $a(OCoLC)1065903896 035 $a(OCoLC)995470000002513453 035 $a(EXLCZ)995470000002513453 100 $a20070221d1838 ua 0 101 0 $aeng 135 $aurcn||||||||| 181 $ctxt$2rdacontent 182 $cc$2rdamedia 183 $acr$2rdacarrier 200 10$aAdam Smith. (To accompany Bill H.R. No. 471.) January 25, 1838 210 1$a[Washington, D.C.] :$c[publisher not identified],$d1838. 215 $a1 online resource (3 pages) 225 1 $aHouse report / 25th Congress, 2nd session. House ;$vno. 467 225 1 $a[United States congressional serial set ] ;$v[serial no. 334] 300 $aBatch processed record: Metadata reviewed, not verified. Some fields updated by batch processes. 300 $aFDLP item number not assigned. 517 $aAdam Smith. 606 $aClaims 606 $aGovernment contractors 606 $aPublic contracts 606 $aRoads 606 $aStone 606 $aPayment 608 $aLegislative materials.$2lcgft 615 0$aClaims. 615 0$aGovernment contractors. 615 0$aPublic contracts. 615 0$aRoads. 615 0$aStone. 615 0$aPayment. 701 $aChambers$b John$f1780-1852$pWhig (KY)$01399815 801 0$bWYU 801 1$bWYU 801 2$bOCLCO 801 2$bOCLCQ 801 2$bOCLCO 801 2$bOCLCQ 906 $aBOOK 912 $a9910715661103321 996 $aAdam Smith. (To accompany Bill H.R. No. 471.) January 25, 1838$93536008 997 $aUNINA